GIS and land records : (Record no. 1519)
[ view plain ]
| 000 -LEADER | |
|---|---|
| fixed length control field | 00440 a2200121 4500 |
| 020 ## - INTERNATIONAL STANDARD BOOK NUMBER | |
| International Standard Book Number | 1589480775 (pbk. : alk. paper) |
| 082 ## - DEWEY DECIMAL CLASSIFICATION NUMBER | |
| Classification number | 333.730285 MEY |
| 100 ## - MAIN ENTRY--PERSONAL NAME | |
| Personal name | Von Meyer, Nancy, |
| 245 ## - TITLE STATEMENT | |
| Title | GIS and land records : |
| Remainder of title | the ArcGIS parcel data model / |
| Statement of responsibility, etc. | Nancy von Meyer. |
| 260 ## - PUBLICATION, DISTRIBUTION, ETC. | |
| Place of publication, distribution, etc. | Redlands, Calif. : |
| Name of publisher, distributor, etc. | ESRI Press, |
| Date of publication, distribution, etc. | 2004. |
| 300 ## - PHYSICAL DESCRIPTION | |
| Extent | viii, 169 p. : |
| Other physical details | ill. (some col.) ; |
| Dimensions | 23 cm. |
| 650 ## - SUBJECT ADDED ENTRY--TOPICAL TERM | |
| Topical term or geographic name entry element | Land use |
| Geographic subdivision | United States |
| General subdivision | Planning. |
| 650 ## - SUBJECT ADDED ENTRY--TOPICAL TERM | |
| Topical term or geographic name entry element | Geographic information systems. |
| Withdrawn status | Lost status | Damaged status | Not for loan | Permanent Location | Current Location | Shelving location | Date acquired | Total Checkouts | Full call number | Barcode | Date last seen | Price effective from | Koha item type |
|---|---|---|---|---|---|---|---|---|---|---|---|---|---|
| School of Civil and Environmental Engineering (SCEE) | School of Civil and Environmental Engineering (SCEE) | 333.730285 MEY | NIT-6830 | 01/05/2017 | 01/05/2017 | Book | |||||||
| School of Civil and Environmental Engineering (SCEE) | School of Civil and Environmental Engineering (SCEE) | NIT-6890 | 01/05/2017 | 01/05/2017 | Book | ||||||||
| School of Civil and Environmental Engineering (SCEE) | School of Civil and Environmental Engineering (SCEE) | NIT-6889 | 01/05/2017 | 01/05/2017 | Book |
